Marvel's Midnight Sons Members - Statistics

General Stats
  • This quiz has been taken 8 times
  • The average score is 7 of 22
Answer Stats
Hint Answer % Correct
Ghost Rider
75%
Ghost Rider
75%
Moon Knight
75%
Current Blade
63%
Scarlet Spider
50%
Werewolf By Night
50%
Former Dr. Strange
38%
Iron Fist
38%
Man-Thing
38%
Wong
38%
Doctor Voodoo
25%
Elsa Bloodstone
25%
Hellstorm
25%
Morbius
25%
Hannibal King
13%
Jennifer Kale
13%
Jinx
13%
Louise Hastings
13%
Modred the Mystic
13%
Sam Buchanan
13%
Vengeance
13%
Victoria Montesi
13%
No matching quizzes found
Score Distribution
Percent of People with Each Score
Percentile by Number Answered
Your Score History
You have not taken this quiz